|
|
|
|
| LEADER |
00000nab a2200000 a 4500 |
| 001 |
vtls000790402 |
| 003 |
SK-MaSNL |
| 005 |
20260302155937.0 |
| 008 |
140303c2002 xo 0 slo |
| 015 |
|
|
|a SNBRB2002/04-12060
|
| 035 |
|
|
|a CLN000142057
|
| 040 |
|
|
|a SNKBUCL
|b slo
|c SNKBUCL
|e AACR2
|
| 041 |
0 |
|
|a slo
|
| 044 |
|
|
|a xo
|c SK
|
| 080 |
|
|
|a 616-008.9-053.9:577.125
|2 1997
|
| 080 |
|
|
|a 577.125
|2 1997
|
| 245 |
0 |
0 |
|a Poruchy lipidového metabolizmu u hospitalizvaných starých pacientov
|c Danica Pavlíková
|
| 300 |
|
|
|b Grafy, tab.
|
| 650 |
0 |
7 |
|a metabolizmus lipidov
|x poruchy
|x geronti
|2 snkbucl
|9 22722
|
| 655 |
|
7 |
|a články z novín a časopisov
|2 snkbucl
|9 267496
|
| 700 |
1 |
|
|a Pavlíková, Danica
|4 aut
|9 646772
|
| 700 |
1 |
|
|a Magula, Daniel
|4 aut
|9 350224
|
| 700 |
1 |
|
|a Dvořák, František,
|d 1933-
|4 aut
|9 164406
|
| 700 |
1 |
|
|a Ondrisová, Zuzana
|4 aut
|9 364223
|
| 700 |
1 |
|
|a Weber, Jozef
|4 aut
|9 526100
|
| 700 |
1 |
|
|a Petríček, Štefan,
|d 1948-
|4 aut
|9 256454
|
| 700 |
1 |
|
|a Vicenová, Viera
|4 aut
|9 855209
|
| 773 |
0 |
|
|t Zdravotnícke noviny
|g Roč. 7, č. 4 (2002)
|x 1335-4477
|
| 773 |
0 |
|
|t [Príl.] Lekárske listy
|g Č. 4 (2002), s. 11 a 13
|x 1335-4477
|
| 850 |
|
|
|a Slovenská národná knižnica v Martine
|
| 852 |
|
|
|a SNK
|b KIS3GCP
|
| 958 |
|
|
|a MI
|
| 992 |
|
|
|a RBX
|
| 999 |
|
|
|c 1373131
|d 1375061
|